00528nam a2200121Ia 4500008004100000020001300041040004400054100002400098245017600122260004900298300002900347500003000376180412s9999||||xx |||||||||||||| ||und|| a94539901 aAhmadu Bello University Library - Zaria aRogers, Carl Ransom 0aClient-centered therapy; its current practice, implications, and theory.cCarl Ransom Rogers; with chapters contributed by Elaine Dorfman Thomas Gordon and Nicholas Hobbs. aMass.,bHoughton Miffin; Bostonc1965 (1951) axii, (iv), 560p., diags. aBibliography: p. 535-548.